000 00333 a2200145 4500
001 164401
020 _a
040 _cMagnum
100 _aGadet, Francoise (Org)
240 1 0 _aPor uma analise automatica do discurso
_lpor
245 1 0 _aPor uma analise automatica do discurso
362 0 _a1899
697 _aGERAL
942 _cBK
999 _c164401
_d164401